| 000 | 00658nam a22002055i 4500 | ||
|---|---|---|---|
| 001 | 164655 | ||
| 003 | ES-MaACL | ||
| 005 | 20230906212957.0 | ||
| 008 | 050803s1864 fr | |||||||| ||fre d | ||
| 040 |
_aCAM _bspa _cCAM |
||
| 100 | 1 |
_aSand, George, _d1804-1876 _9103060 |
|
| 245 | 1 | 0 |
_aElle et lui / _cpar George Sand. |
| 250 | _a4e éd. | ||
| 260 |
_aParis : _bMichel Lévy frères libraires éditeurs, _c1864 ( _ePoissy : _fTyp. et stér. de A. Bouret) |
||
| 300 |
_a310 p. ; _c18 cm. |
||
| 490 | 1 | _aOeuvres de George Sand | |
| 830 | 0 |
_aOeuvres de George Sand _9188465 |
|
| 852 |
_aES-MaACL _jG-14750 _z-- Enc. hol. |
||
| 999 |
_c164655 _d164655 |
||